000 00598pam a2200229 a 4500
001 3767392
005 20180206034536.0
008 830107s1983 nyu b 001 0 eng
010 _a 83000030
020 _a0030585783
020 _a0030597293 (text ed.)
040 _aDLC
_cDLC
_dDLC
041 _aeng
080 _a658.4 THE
082 0 0 _a658.4
_219
100 1 _a54
101 _aMAN
245 1 0 _aManaging an organization /
_cTheodore Caplow.
504 _aIncludes bibliographical references and index.
906 _a7
_bcbc
_corignew
_d1
_eocip
_f19
_gy-gencatlg
942 _2ddc
_cBK
999 _c41856
_d41856